000 00648nam a2200229Ia 4500
003 OSt
005 20220926044220.0
006 a|||||r|||| 00| 0
007 ta
008 220923b |||||||| |||| 00| 0 eng d
037 _cGeneral Book
040 _aRTL
_cRTL
_beng
041 _2eng
_aeng
082 _aX9(M75).2s, M3/GD
110 _aAssociation Of Man-Made Fibre Industry
_9348701
245 0 _aMan-made fibre statistics
490 _v1983
650 _aOther Fibre Industry
_9243072
700 _aAssociation Of Man-Made Fibre Industry
_9348702
942 _hX9(M75).2s, M3/GD
_cGB
_2CC
999 _c674289
_d674289